Statistics for Countries with missile defense systems

Click here to take the quiz!

General Stats

  • This quiz has been taken 47 times
  • The average score is 12 of 14

Answer Stats

Continent Country % Correct
EuropeFrance
100%
EuropeGermany
100%
EuropeUnited Kingdom
100%
Asia/ EuropeRussia
97%
AsiaSouth Korea
97%
North AmericaUnited States of America
97%
AsiaChina
95%
EuropeItaly
95%
AsiaJapan
92%
AsiaIndia
85%
AsiaIsrael
77%
AsiaTaiwan
74%
AsiaUnited Arab Emirates
59%
EuropeRomania
28%

Score Distribution

Percentile by Number Answered

Percent of People with Each Score

Your Score History

You have not taken this quiz